<?xml version="1.0" encoding="UTF-8"?><?xml-stylesheet type="text/xsl" href="static/style.xsl"?><OAI-PMH xmlns="http://www.openarchives.org/OAI/2.0/" xmlns:xsi="http://www.w3.org/2001/XMLSchema-instance" xsi:schemaLocation="http://www.openarchives.org/OAI/2.0/ http://www.openarchives.org/OAI/2.0/OAI-PMH.xsd"><responseDate>2026-04-13T13:41:25Z</responseDate><request verb="GetRecord" identifier="oai:www.recercat.cat:10256/20012" metadataPrefix="marc">https://recercat.cat/oai/request</request><GetRecord><record><header><identifier>oai:recercat.cat:10256/20012</identifier><datestamp>2024-06-13T10:04:55Z</datestamp><setSpec>com_2072_453051</setSpec><setSpec>com_2072_2054</setSpec><setSpec>col_2072_453058</setSpec></header><metadata><record xmlns="http://www.loc.gov/MARC21/slim" xmlns:dcterms="http://purl.org/dc/terms/" xmlns:xsi="http://www.w3.org/2001/XMLSchema-instance" xmlns:doc="http://www.lyncode.com/xoai" xsi:schemaLocation="http://www.loc.gov/MARC21/slim http://www.loc.gov/standards/marcxml/schema/MARC21slim.xsd">
   <leader>00925njm 22002777a 4500</leader>
   <datafield ind2=" " ind1=" " tag="042">
      <subfield code="a">dc</subfield>
   </datafield>
   <datafield ind2=" " ind1=" " tag="720">
      <subfield code="a">Montserrat Boada, Carme</subfield>
      <subfield code="e">author</subfield>
   </datafield>
   <datafield ind2=" " ind1=" " tag="720">
      <subfield code="a">Garcia-Molsosa, Marta</subfield>
      <subfield code="e">author</subfield>
   </datafield>
   <datafield ind2=" " ind1=" " tag="720">
      <subfield code="a">Sitjes-Figueras, Rosa</subfield>
      <subfield code="e">author</subfield>
   </datafield>
   <datafield ind2=" " ind1=" " tag="260">
      <subfield code="c">2021-02-21</subfield>
   </datafield>
   <datafield ind2=" " ind1=" " tag="520">
      <subfield code="a">Col·laboradors/es: Dr. Ferran Casas, Dr. Joan Llosada-Gistau i Sandra Hernández</subfield>
   </datafield>
   <datafield ind2=" " ind1=" " tag="520">
      <subfield code="a">Estudi encarregat i finançat per la Direcció General d’Atenció a la	&#xd;
Infància i Adolescència (DGAIA) i dut a terme per l’equip Liberi Grup	&#xd;
de recerca en Infància, Joventut i Comunitat de la Universitat de	Girona</subfield>
   </datafield>
   <datafield ind2=" " ind1=" " tag="520">
      <subfield code="a">Informe que reflecteix les opinions dels nois i noies en acolliment residencial i familiar que té com a objectiu veure de quina manera s’ha vist afectat el seu benestar amb el confinament per COVID-19. Estudi encarregat i finançat per la Direcció General d’Atenció a la Infància i Adolescència (DGAIA) i dut a terme per l’equip Liberi Grup de recerca en Infància, Joventut i Comunitat, de la Universitat de Girona</subfield>
   </datafield>
   <datafield ind1="8" ind2=" " tag="024">
      <subfield code="a">http://hdl.handle.net/10256/20012</subfield>
   </datafield>
   <datafield tag="653" ind2=" " ind1=" ">
      <subfield code="a">Pandèmia de COVID-19, 2020-</subfield>
   </datafield>
   <datafield tag="653" ind2=" " ind1=" ">
      <subfield code="a">COVID-19 Pandemic, 2020-</subfield>
   </datafield>
   <datafield tag="653" ind2=" " ind1=" ">
      <subfield code="a">Infants -- Assistència institucional</subfield>
   </datafield>
   <datafield tag="653" ind2=" " ind1=" ">
      <subfield code="a">Children -- Institutional care</subfield>
   </datafield>
   <datafield ind2="0" ind1="0" tag="245">
      <subfield code="a">Benestar i valoració de la pandèmia per part dels infants i adolescents en acolliment familiar i residencial: informe de resultats</subfield>
   </datafield>
</record></metadata></record></GetRecord></OAI-PMH>